| 000 | 006280000a22001930004500 | ||
|---|---|---|---|
| 003 | LK-CoMWRAF | ||
| 005 | 20231127111710.0 | ||
| 008 | 230817t1985 ||||| |||| 00| 0 eng d | ||
| 040 |
_aLK-CoMWRAF _dLK-CoMWRAF _eLK-CoMWRAF |
||
| 041 | _aeng | ||
| 082 |
_a331.702 _bASP |
||
| 245 |
_aAspirations: _bcareer planning handbook for the new Asian woman |
||
| 260 |
_a[Manilla]: _bCommission on Women and Work, Asian Women's Institute, _c[1985] |
||
| 300 | _a xiii, 82 p. : ill. ; 23 cm. | ||
| 650 | _aWomen--Vocational guidance--Asia. | ||
| 700 |
_aQuisumbing, Lourdes R. _eed. |
||
| 700 |
_aLazarus, Barbara B. _eed. |
||
| 942 | _cBK | ||
| 999 |
_c1458 _d1458 |
||